Sports Quiz

Random Sports or NFL Quiz

Keyboard Sports Teams Quiz Stats

 Plays Quiz not verified by Sporcle

Challenge
Share
Tweet
Embed
Score 0/26 Timer 02:00
0 Plays Today
Letter Team % Correct
RRangers,Red Sox,Reds,Redskins,Ravens,Raiders,Rockies,Royals,Rays,Red Wings,Rams,Raptors,Rockets
89.1%
TTexans,Titans,Tigers,Thunder,Twins,Timberwolves,Trail Blazers
82.7%
WWild,Warriors,Wizards,White Sox
80.9%
PPelicans,Pacers,Patriots,Packers,Panthers,Padres,Pirates,Phillies,Penguins,Predators,Pistons
80.6%
SSteelers,Saints,Seahawks,Sabres,Stars,Sharks,76ers,Suns,Spurs,Senators
74.1%
EEagles
72%
AAngels,Astros,Avalanche,Athletics
69.7%
JJets,Jazz,Jaguars
66.8%
BBobcats,Bulls,Bucks,Blackhawks,Blue Jackets,Blues,Bruins,Brewers,Blue Jays,Braves,Bills,Bears,Browns,Bengals,Buccaneers,Broncos
66.6%
DDodgers,Dolphins,Diamondbacks,Devils,Ducks
66.2%
IIndians,Islanders
66%
CCowboys,Cubs,Colts,Canadiens,Capitals,Chiefs,Canauks,Chargers,Cardinals,Coyotes,Celtics,Clippers,Cavaliers
65.8%
OOilers,Orioles
64.5%
Letter Team % Correct
LLakers,Lightning,Lions
63.4%
FFlames,Falcons,Flyers,49ers
63%
YYankees
61.9%
GGrizzlies,Giants
56.4%
KKings,Knicks
54.5%
MMets,Marlins,Mariners,Maple Leafs,Magic,Mavericks
53.6%
HHeat,Hawks,Hurricanes
52.6%
NNationals,Nets,Nuggets
49%
Qnone
46.9%
Unone
40.6%
VVikings
38.2%
Xnone
37.6%
Znone
37.5%

You're not logged in!

Compare scores with friends on all Sporcle quizzes.
Join for Free
OR
Log In

You Might Also Like...

Show Comments

Extras

Top Quizzes Today


Score Distribution

Your Account Isn't Verified!

In order to create a playlist on Sporcle, you need to verify the email address you used during registration. Go to your Sporcle Settings to finish the process.

Report this User

Report this user for behavior that violates our Community Guidelines.

Details: